Tilastot visalle Sanat - "Mikan Faijan BMW" - Anssi Kela

Klikkaa tästä pelataksesi tätä visaa!

Yleistilastot

  • Tätä visaa on pelattu 279 kertaa
  • Keskiarvotulos 117 / 207

Vastaustilastot

Sanat% Oikein
faijan
99%
Mika
99%
Mikan
93%
Se
87%
se
87%
ei
86%
Ei
86%
Pyörät
85%
pyörii
85%
on
84%
Ja
82%
sen
82%
uudelleen
81%
uudelleen''
81%
me
79%
vaan
78%
auto
76%
vielä
76%
jengi
75%
Kaikki
71%
kaikki
71%
kerran
71%
Lauri
70%
''Lauri
70%
taas
68%
ajaa
67%
BMW:n
67%
vanhan
67%
Vanhan
67%
aikaan
65%
kovaa
65%
kuljettaa
65%
meistä
65%
olla
65%
jengin
64%
pitkään
64%
hiljaisin
63%
juhlimaan
63%
kovaäänisin
63%
nähty
63%
kasaan
62%
kysy
62%
niin
62%
ennen
61%
kun
61%
ole
61%
Soitti
61%
Nyt
60%
nyt
60%
vieläkin
60%
bemarin
59%
tietenkin
59%
muistatko
58%
vuosien
58%
Äijällä
57%
jälkeen
57%
Minä
57%
ennallaan
56%
''Kerättäiskö
56%
kysyäkseen
56%
Mikään
56%
mikään
56%
hengen
55%
itseltään''
55%
kohdallaan
53%
romantikko
53%
sillä
53%
hiljaa
51%
ennenkin''
50%
mentäis
50%
mitään
50%
ekana
49%
kaupunkiin
49%
viestiä
49%
eilen
48%
ovat
48%
Rami
48%
sammaltaa
48%
Tehtäis
48%
Vaikka
48%
juonut
47%
nähdä
47%
niinkuin
47%
löydettiin
46%
näin
46%
tippaakaan
46%
vanhaa
46%
edelleen
44%
Harvinaisen
44%
istun
44%
kukaties
44%
Kuolleena
44%
Mutta
44%
''Nasta
44%
olis
44%
paskaa
44%
vaimoltaan
44%
ystävää''
44%
että
43%
kukaan
43%
liikemies
43%
miljoonia
43%
Penkkiin
43%
elämää
42%
saanut
42%
selkään
42%
Tekee
42%
enää
41%
HIV:n
41%
kaupungilla
41%
kertoo
41%
kiroo
41%
läimäyttää
41%
Sanoo
41%
suoraan
41%
joukon
40%
mua
40%
tapeltiin
40%
Huhu
39%
jaksais
39%
kanssa
39%
ettei
38%
38%
Sanoi:
38%
hiljainen
37%
Viimeksi
37%
yrittää
37%
Miksei
35%
tavattiin
35%
vanhat
34%
kierrettiin
33%
Kyyneleitä
33%
mestat
33%
Ramin
33%
silmissään
33%
heinää
31%
kasvaa
31%
''Tämä
31%
tehdä
31%
Viikko
31%
eteenpäin
30%
naisen
30%
huonon
29%
Ilta
29%
kantakirjamaanikko
29%
Sai
29%
täytyy
29%
iski
28%
Monia
28%
tästä
28%
päätöksen
25%
arvoisensa
24%
hauskaa
24%
Kyllähän
24%
pidettiin
24%
huudeltiin
23%
perään
22%
Toistemme
21%
musarikin
17%
milloinkaan
16%

Tulosjakauma

Persentiili vastausten määrän mukaan

Jokaisen tuloksen saaneiden osuus

Tuloshistoriasi

Et ole pelannut tätä visaa